1300 1575 1500 1435 1671 1798 1625 1662 1541 1048 1438 1085 1166 1611 1353 1696 1897 1283 1660 1162 1418 1151 1131 1424 1330 1950 1795 1036 1096 1795 1339 1103 1761 1632 1106 1751 1753 1568 1715 1557 1465 1815 1542 1220 1498 1088 1504 1072 1580 1685 1498 1210 1338 1136 1770 1098 1198 1494 1764 1379 1730 1099 1661 1498 1877 1927 1619 1626 1916 1010 1454 1921 1022 1393 1129 1049 1240 1092 1320 1141 1775 1571 1205 1351 1959 1807 1471 1065 1142 1280 1231 1130 1477 1372 1814 1995 1583 1983 1763 BCNSPRNW ULIB Ver.6.0+V

เปลี่ยนเป็นภาษาไทย

Change to English
 แสดงรายละเอียดบรรณานุกรม
  กลับหน้าหลัก

Brief Record : Get Marc (ISO 2709) : E-mail record : QR code < ปิดหน้าต่าง
LEADER : 00000nam 2200000uu 4500
001    13399115119
003     ULIB
008    120710s2008||||th 000 0 tha d
020    ^a9780723434900
060    ^aQS17^bJ918H
245    ^ahuman anatomy
260    ^aUSA :^bSaunders/ELSEVIER,^c2008
300    ^a580 pages
650    ^aHuman anatomy
945    ^p0^l0^i15942
999 ^a ใช้งานได้ทุกระบบ
รายการนี้ยังไม่มีแท็ก
คุณยังไม่ได้ล็อกอิน คุณสามารถมีกิจกรรมร่วมกับเว็บไซต์ได้ แต่ต้องล็อกอินก่อน ::
  ล็อกอิน

รายการสื่อสารสนเทศ

ลำดับที่ ประเภท เลขเรียก/บาร์โค้ด สถานที่ สถานะ
- ไม่พบข้อมูล -

รายการใกล้เคียง
    ชื่อเรื่อง [human anatomy]

    หัวเรื่อง [Human anatomy]

BibComment


ยังไม่เคยถูกคอมเมนท์

คอมเมนท์ทรัพยากรรายการนี้
  คอมเมนท์: human anatomy


 Copyright 2026. Bcnsprnw @Library